00759nam a2200253Ia 4500001000900000003000500009005001700014008004100031010001100072040000900083082001300092100002900105245005800134260003900192300001100231500001300242650002400255901001300279902000600292905006300298942001500361999001900376952011000395dia_2229CHAP20251023154317.0220117s1978 xx 000 0 und d a172748 cCHAP a641.1 B41 aBender, Arnold E.911538 aFood Processing and Nutrition /c by Arnold E. Bender aNew York :b Academic Press,c1978 a243 p. aI.134545 a1.Alimento.9148878 a641.1 B4 aM a0000001978 NY X 0000000000ING00 cLIBRO2ddc c172748d172748 00102ddc40708GRALaIA_bIA_c1d2022-01-18f1l0pdia_2559r2022-01-18 00:00:00t1w2022-01-18yLIBRO